Missing Word: Cher Quiz Stats

 Plays Quiz Updated Nov 4, 2017

Score 0/20 Timer 04:00
1 Play Today
Song Missing Word % Correct
Bang _____ (My Baby Shot Me Down)Bang
94.3%
_____ or NothingAll
91.5%
If I Could _____ Back TimeTurn
89.8%
All I Really _____ To DoWant
88.3%
Just Like Jesse _____James
84.8%
The _____ Shoop Song (It's In His Kiss)Shoop
81.6%
Gypsys, _____ & ThievesTramps
78.5%
_____ Me HomeTake
78.2%
_____ and UnderstandingLove
70%
Half-_____Breed
59.9%
Song Missing Word % Correct
Heart of _____Stone
47.6%
_____ Ringer for LoveDead
47.6%
Woman's _____World
39.1%
_____ LadyDark
35.4%
We All _____ AloneSleep
33.2%
Song for the _____Lonely
31.4%
Walking in _____Memphis
30.5%
I _____ SomeoneFound
30.3%
Strong _____Enough
29.8%
_____ to BurlesqueWelcome
26.5%

Today's Daily Dose

Missing Word
Arizona A-Z

Word Ladder
Greek Letters II

Get the Picture
US National Parks

You're not logged in!

Compare scores with friends on all Sporcle quizzes.
OR
Log In

You Might Also Like...

Show Comments

Extras

Top Quizzes Today


Score Distribution

Your Account Isn't Verified!

In order to create a playlist on Sporcle, you need to verify the email address you used during registration. Go to your Sporcle Settings to finish the process.

Report this User

Report this user for behavior that violates our Community Guidelines.

Details: